<?xml version="1.0" encoding="UTF-8"?>
<record
    xmlns:xsi="http://www.w3.org/2001/XMLSchema-instance"
    xsi:schemaLocation="http://www.loc.gov/MARC21/slim http://www.loc.gov/standards/marcxml/schema/MARC21slim.xsd"
    xmlns="http://www.loc.gov/MARC21/slim">

  <leader>02558cam a2200349 a 4500</leader>
  <controlfield tag="003">EG-GiCUC</controlfield>
  <controlfield tag="005">20250223032237.0</controlfield>
  <controlfield tag="008">190406s2018    ua d   f m    000 0 eng d</controlfield>
  <datafield tag="040" ind1=" " ind2=" ">
    <subfield code="a">EG-GiCUC</subfield>
    <subfield code="b">eng</subfield>
    <subfield code="c">EG-GiCUC</subfield>
  </datafield>
  <datafield tag="041" ind1="0" ind2=" ">
    <subfield code="a">eng</subfield>
  </datafield>
  <datafield tag="049" ind1=" " ind2=" ">
    <subfield code="a">Deposite</subfield>
  </datafield>
  <datafield tag="097" ind1=" " ind2=" ">
    <subfield code="a">Ph.D</subfield>
  </datafield>
  <datafield tag="099" ind1=" " ind2=" ">
    <subfield code="a">Cai01.11.35.Ph.D.2018.Mo.S</subfield>
  </datafield>
  <datafield tag="100" ind1="0" ind2=" ">
    <subfield code="a">Mohammed Elsaid Saleh Elaraby</subfield>
  </datafield>
  <datafield tag="245" ind1="1" ind2="0">
    <subfield code="a">Study fatty liver index, lipid accumulation product and ultrasonography in patient with nonalcoholic fatty liverdisease in medical center in Sherbin City / </subfield>
    <subfield code="c">Mohammed Elsaid Saleh Elaraby ; Supervised Nagwa Eid Sobhy Saad , Saher Abdelatty , Ghada Khafaji</subfield>
  </datafield>
  <datafield tag="246" ind1="1" ind2="5">
    <subfield code="a">&#x62F;&#x631;&#x627;&#x633;&#x629; &#x645;&#x624;&#x634;&#x631; &#x627;&#x644;&#x643;&#x628;&#x62F; &#x627;&#x644;&#x62F;&#x647;&#x646;&#x64A; &#x60C;&#x646;&#x627;&#x62A;&#x62C; &#x62A;&#x631;&#x627;&#x643;&#x645; &#x627;&#x644;&#x62F;&#x647;&#x648;&#x646; &#x648;&#x627;&#x644;&#x645;&#x648;&#x62C;&#x627;&#x62A; &#x627;&#x644;&#x641;&#x648;&#x642; &#x635;&#x648;&#x62A;&#x64A;&#x647; &#x641;&#x64A; &#x645;&#x631;&#x636;&#x64A; &#x627;&#x644;&#x643;&#x628;&#x62F; &#x627;&#x644;&#x62F;&#x647;&#x646;&#x64A; &#x627;&#x644;&#x63A;&#x64A;&#x631; &#x643;&#x62D;&#x648;&#x644;&#x64A; &#x628;&#x645;&#x631;&#x643;&#x632; &#x637;&#x628;&#x64A; &#x641;&#x64A; &#x645;&#x62F;&#x64A;&#x646;&#x629; &#x634;&#x631;&#x628;&#x64A;&#x646;</subfield>
  </datafield>
  <datafield tag="260" ind1=" " ind2=" ">
    <subfield code="a">Cairo : </subfield>
    <subfield code="b">Mohammed Elsaid Saleh Elaraby , </subfield>
    <subfield code="c">2018</subfield>
  </datafield>
  <datafield tag="300" ind1=" " ind2=" ">
    <subfield code="a">147 P. : </subfield>
    <subfield code="b">charts ; </subfield>
    <subfield code="c">25cm </subfield>
  </datafield>
  <datafield tag="502" ind1=" " ind2=" ">
    <subfield code="a">Thesis (Ph.D.) - Cairo University - Faculty of Medicine - Department of Family Medicine</subfield>
  </datafield>
  <datafield tag="520" ind1=" " ind2=" ">
    <subfield code="a">Introduction: NAFLD has become an emerging public health concern, most NAFLD patients do not present specific symptoms, particularly at the early stage, which hinders prevention and early detection.Simple clinical algorithms including fatty liver index (FLI) and lipid accumulation product (LAP) have been developed as surrogate markers for NAFLD, diagnosed using ultrasonography. Objectives: This study aimed to validate FLI and LAP as measures of hepatic steatosis, and compare between FLI &amp; LAP in predicting NAFLD in primary health care (PHC). Methods: This is a comparative study, data were collected from 227 participants aged 18-65 years who attended family medicine clinic (medical center) in Sherbin city- Dakahliyah governorate - Egypt. All participants{u2019} socioeconomic, anthropometric and blood metabolic indices were obtained, and food frequency questionnaires, physical activity questionnaire were completed. Liver fat was investigated using ultrasonography, FLI&amp;LAP were calculated and compared with ultrasound findings</subfield>
  </datafield>
  <datafield tag="530" ind1=" " ind2=" ">
    <subfield code="a">Issued also as CD</subfield>
  </datafield>
  <datafield tag="653" ind1=" " ind2="4">
    <subfield code="a">Fatty liver </subfield>
  </datafield>
  <datafield tag="653" ind1=" " ind2="4">
    <subfield code="a">Nonalcoholic fatty liverdisease </subfield>
  </datafield>
  <datafield tag="653" ind1=" " ind2="4">
    <subfield code="a">Ultrasonography </subfield>
  </datafield>
  <datafield tag="700" ind1="0" ind2=" ">
    <subfield code="a">Ghada Khafaji , </subfield>
    <subfield code="e">Supervisor </subfield>
  </datafield>
  <datafield tag="700" ind1="0" ind2=" ">
    <subfield code="a">Nagwa Eid Sobhy Saad , </subfield>
    <subfield code="e">Supervisor </subfield>
  </datafield>
  <datafield tag="700" ind1="0" ind2=" ">
    <subfield code="a">Saher Abdelatty , </subfield>
    <subfield code="e">Supervisor </subfield>
  </datafield>
  <datafield tag="856" ind1=" " ind2=" ">
    <subfield code="u">http://172.23.153.220/th.pdf</subfield>
  </datafield>
  <datafield tag="905" ind1=" " ind2=" ">
    <subfield code="a">Nazla</subfield>
    <subfield code="e">Revisor</subfield>
  </datafield>
  <datafield tag="905" ind1=" " ind2=" ">
    <subfield code="a">Shimaa</subfield>
    <subfield code="e">Cataloger</subfield>
  </datafield>
  <datafield tag="942" ind1=" " ind2=" ">
    <subfield code="2">ddc</subfield>
    <subfield code="c">TH</subfield>
  </datafield>
  <datafield tag="999" ind1=" " ind2=" ">
    <subfield code="c">71226</subfield>
    <subfield code="d">71226</subfield>
  </datafield>
  <datafield tag="952" ind1=" " ind2=" ">
    <subfield code="2">ddc</subfield>
    <subfield code="7">0</subfield>
    <subfield code="a">CUCL</subfield>
    <subfield code="b">cl210</subfield>
    <subfield code="d">2024-02-11</subfield>
    <subfield code="o">Cai01.11.35.Ph.D.2018.Mo.S</subfield>
    <subfield code="p">01010110077538000</subfield>
    <subfield code="r">2023-09-22 00:00:00</subfield>
    <subfield code="y">TH</subfield>
  </datafield>
  <datafield tag="952" ind1=" " ind2=" ">
    <subfield code="2">ddc</subfield>
    <subfield code="7">0</subfield>
    <subfield code="a">CUCL</subfield>
    <subfield code="b">cl2u8</subfield>
    <subfield code="d">2024-02-11</subfield>
    <subfield code="o">Cai01.11.35.Ph.D.2018.Mo.S</subfield>
    <subfield code="p">01020110077538000</subfield>
    <subfield code="r">2023-09-22 00:00:00</subfield>
    <subfield code="t">77538.CD     </subfield>
    <subfield code="y">CD</subfield>
  </datafield>
</record>
